| 000 | 01125nam a2200337 4500 | ||
|---|---|---|---|
| 001 | 178030 | ||
| 003 | ES-MaACL | ||
| 005 | 20250814063255.0 | ||
| 008 | 110513s2009 sp abo |||| |dspa d | ||
| 017 | _aB.27331-2009 | ||
| 020 | _a9788433925855 | ||
| 080 | _a929 Fonseca, Isabel | ||
| 080 | _a94(=214.58:4-11) | ||
| 080 | _a308(=214.58:4-11) | ||
| 100 | 1 |
_aFonseca, Isabel, _d1961- _9146518 |
|
| 245 | 1 | 0 |
_aEnterradme de pie _b: la odisea de los gitanos / _c[Isabel Fonseca ; traducción de José Manuel Álvarez Flórez]. |
| 250 | _a1ª ed. | ||
| 260 |
_aBarcelona : _bAnagrama, _c2009. |
||
| 300 |
_a383 p. : _bil., fot., mapas ; _c22 cm. |
||
| 490 | 1 |
_aCrónicas ; _v85 |
|
| 500 | _aÍndice. | ||
| 504 | _aBibliografía: p. 361-372. | ||
| 600 | 1 | 7 |
_aFonseca, Isabel, _d1961- _2 _9146518 |
| 650 | 7 |
_aGitanos- _xHistoria. _913122 |
|
| 650 | 4 |
_aGitanos- _xSituación social. _9170721 |
|
| 700 | 1 |
_aÁlvarez Flórez, José Manuel. _920809 |
|
| 830 | 0 |
_aCrónicas ; _v85 _9190697 |
|
| 852 |
_aES-MaACL _9184889 _bR.145596 _jA-11170 _dOlim: N-4175 _cDEPO1 |
||
| 942 | _2udc | ||
| 999 |
_c178030 _d178030 |
||